Don Juan Tenorio
Guardat en:
| Autor principal: | |
|---|---|
| Format: | Llibre |
| Idioma: | espanyol |
| Publicat: |
Valparaíso
Universitarias de Valparaíso
1974
|
| Col·lecció: | Colección Aula Media
|
| Matèries: | |
| Etiquetes: |
Afegir etiqueta
Sense etiquetes, Sigues el primer a etiquetar aquest registre!
|
MARC
| LEADER | 00000nam a2200000 a 4500 | ||
|---|---|---|---|
| 001 | UCX4822 | ||
| 003 | CL-VaPUC | ||
| 008 | 920730e19740000CL |||||||||||||||||spa|d | ||
| 082 | 0 | 4 | |a 862 |b ZOR |2 21 |
| 100 | 0 | |a Zorrilla, José de |e author |9 317542 | |
| 245 | 1 | 0 | |a Don Juan Tenorio |
| 300 | |a 121 p | ||
| 942 | |c BK | ||
| 945 | |d 19920730 00:00:00 | ||
| 260 | |a Valparaíso |b Universitarias de Valparaíso |c 1974 | ||
| 650 | 0 | |a Dramas españoles |9 267081 | |
| 583 | |a last modification |c 20180726 10:37:37 |k Rodrigo Vera | ||
| 490 | 0 | |a Colección Aula Media | |
| 999 | |c 225208 |d 225206 | ||
| 952 | |0 0 |1 0 |4 0 |6 862_000000000000000_ZOR_1974 |7 0 |8 R |9 222545 |a BIBEDU |b BIBEDU |c MCIRC |d 2019-11-15 |i 2913534 |o 862 ZOR 1974 |p 2913534 |r 2023-01-13 |w 2019-11-15 |y BK_R |k LIT | ||